[Event "Olympiad-43"]
[Site "Batumi"]
[Date "2018.10.03"]
[Round "9.4"]
[White "Lekau, Ramokotjo"]
[Black "Medina Viana, Ricardo"]
[Result "0-1"]
[WhiteElo "1627"]
[BlackElo "2048"]
[PlyCount "84"]
[EventDate "2018.09.24"]
[EventType "team-swiss"]
[EventRounds "11"]
[EventCountry "GEO"]
[SourceTitle "CBM 187"]
[Source "ChessBase"]
[SourceDate "2018.12.11"]
[SourceVersion "1"]
[SourceVersionDate "2018.12.11"]
[SourceQuality "1"]
[WhiteTeam "Lesotho"]
[BlackTeam "Honduras"]
[WhiteTeamCountry "LES"]
[BlackTeamCountry "HON"]

1. e4 c5 2. Nf3 Nc6 3. d4 cxd4 4. Nxd4 Qb6 5. Nb3 Nf6 6. Nc3 d6 7. Be3 Qd8 8. f3 g6 9. Be2 Bg7 10. 0-0 0-0 11. Qd2 Re8 12. Rad1 Be6 13. Nd4 Nxd4 14. Bxd4 a6 15. Qe3 b5 16. a3 Qc8 17. Rf2 Qb7 18. g4 Rec8 19. Bd3 b4 20. axb4 Qxb4 21. Ne2 Bc4 22. Bc3 Qb5 23. h3 a5 24. Ng3 a4 25. f4 a3 26. bxa3 Nxg4 27. hxg4 Bxc3 28. g5 Qc5 29. Qxc5 Rxc5 30. Kg2 Rxa3 31. Rf3 Ra2 32. Kh3 f6 33. gxf6 Bxf6 34. f5 Bxd3 35. cxd3 Rcc2 36. fxg6 hxg6 37. Nf1 Kg7 38. Rb1 Rg2 39. Ne3 Rh2+ 40. Kg4 Rae2 41. Rbf1 Rh5 42. Rh3 Rxh3 0-1